<?xml version="1.0" encoding="UTF-8"?>
<record
    xmlns:xsi="http://www.w3.org/2001/XMLSchema-instance"
    xsi:schemaLocation="http://www.loc.gov/MARC21/slim http://www.loc.gov/standards/marcxml/schema/MARC21slim.xsd"
    xmlns="http://www.loc.gov/MARC21/slim">

  <leader>00940cam5a220026500 4500</leader>
  <controlfield tag="001">lcf00036523</controlfield>
  <controlfield tag="008">840523s1969    gw a     b    000 0 ger  </controlfield>
  <datafield tag="010" ind1=" " ind2=" ">
    <subfield code="a">   72317240 //r84</subfield>
  </datafield>
  <datafield tag="015" ind1=" " ind2=" ">
    <subfield code="a">GDB69-A46-687</subfield>
  </datafield>
  <datafield tag="020" ind1=" " ind2=" ">
    <subfield code="c">DM8.90</subfield>
  </datafield>
  <datafield tag="035" ind1=" " ind2=" ">
    <subfield code="a">(Sirsi) r12080</subfield>
  </datafield>
  <datafield tag="035" ind1=" " ind2=" ">
    <subfield code="a">(DLC)   72317240 //r84</subfield>
  </datafield>
  <datafield tag="035" ind1=" " ind2=" ">
    <subfield code="a">(UPRA)lcf00036523</subfield>
  </datafield>
  <datafield tag="040" ind1=" " ind2=" ">
    <subfield code="a">DLC/ICU</subfield>
    <subfield code="c">ICU</subfield>
  </datafield>
  <datafield tag="050" ind1="0" ind2=" ">
    <subfield code="a">QA246</subfield>
    <subfield code="b">.S39</subfield>
  </datafield>
  <datafield tag="100" ind1="1" ind2=" ">
    <subfield code="a">Schwarz, Wolfgang, 1934-</subfield>
    <subfield code="d">Schwarz, Wolfgang, 1934-</subfield>
    <subfield code="6">A66519.1</subfield>
  </datafield>
  <datafield tag="245" ind1="1" ind2="0">
    <subfield code="a">Einfuhrung in Methoden und Ergebnisse der Primzahltheorie.</subfield>
  </datafield>
  <datafield tag="260" ind1=" " ind2=" ">
    <subfield code="a">Mannheim, Wien, Zurich,</subfield>
    <subfield code="a">Mannheim, Wien, Zurich,</subfield>
    <subfield code="a">Mannheim, Wien, Zurich,</subfield>
    <subfield code="b">Bibliographisches Inst.</subfield>
    <subfield code="c">(1969)</subfield>
  </datafield>
  <datafield tag="490" ind1="1" ind2=" ">
    <subfield code="a">B.I.-Hochschultaschenbucher,</subfield>
    <subfield code="v">278/278a</subfield>
  </datafield>
  <datafield tag="504" ind1=" " ind2=" ">
    <subfield code="a">Bibliography: p. [218]-224.</subfield>
  </datafield>
  <datafield tag="650" ind1=" " ind2="0">
    <subfield code="a">Numbers, Prime.</subfield>
    <subfield code="6">S35369.1</subfield>
  </datafield>
  <datafield tag="830" ind1=" " ind2="0">
    <subfield code="a">B. I.-Hochschultaschenbucher ;</subfield>
    <subfield code="v">278/278a.</subfield>
    <subfield code="6">S10611.1</subfield>
  </datafield>
  <datafield tag="949" ind1=" " ind2=" ">
    <subfield code="a">QA246</subfield>
    <subfield code="w">lcc</subfield>
    <subfield code="i">-4881</subfield>
    <subfield code="m">MAIN</subfield>
    <subfield code="t">BOOK</subfield>
    <subfield code="l">ON-SHELF</subfield>
  </datafield>
  <controlfield tag="004">12080</controlfield>
  <datafield tag="999" ind1=" " ind2=" ">
    <subfield code="c">142834</subfield>
    <subfield code="d">142834</subfield>
  </datafield>
</record>
